Клубови суперлиге Србије 2023-2024 - Statistics

General Stats
  • This quiz has been taken 8 times
  • The average score is 13 of 16
Answer Stats
Answer % Correct
Crvena Zvezda
100%
Partizan
100%
Spartak
100%
Čukarički
83%
Mladost
83%
Napredak
83%
Novi Pazar
83%
Radnički 1923
83%
Radnički Niš
83%
TSC
83%
Vojvodina
83%
IMT
67%
Javor
67%
Radnik
67%
Voždovac
67%
Železničar
67%
No matching quizzes found
Score Distribution
Percent of People with Each Score
Percentile by Number Answered
Your Score History
You have not taken this quiz